000 00642nam a2200193 a 4500
001 000016473
005 20240316073904.0
008 100305s1974 dr r 000 0 spa d
040 _aDO-SdBNP
_bspa
_cBNPHU
082 _axxxx
_bD542l, 1974
100 1 _aDíaz Castillo, Bienvenido
_922529
245 1 0 _aLecturas selectas /
_cprólogo Marcio Veloz Maggiolo.
250 _a4a. ed.
260 _aSanto Domingo :
_bCosmos,
_c1974.
300 _a201 p. ;
_c19 cm.
490 1 _aPublicaciones del economato universitario
700 1 2 _aVeloz Maggiolo, Marcio,
_d1936-2021
_epról.
_91104
830 0 _aPublicaciones del economato universitario
_936685
999 _c16008
_d16008